Downtown Kerling - Banská Štiavnica

Saved in:
Bibliographic Details
Main Author: Havrila, Patrik (Author)
Other Authors: Nádaská, Zuzana (Thesis advisor)
Format: Manuscript Book
Language:Slovak
Published: 2019
Subjects:
Online Access:http://is.stuba.sk/zp/portal_zp.pl?podrobnosti=145611
https://opac.crzp.sk/?fn=detailBiblioForm&sid=9F8942B94996237AA3F81DF666DC
Tags: Add Tag
No Tags, Be the first to tag this record!

MARC

LEADER 00000ntm a22000003a 4500
001 stuzp68356
003 SK-STU
005 20230531093800.3
007 ta
008 150427s2015----xo-----f-mn---000-0-slo-d
040 |a STU  |b slo 
041 0 |a slo 
100 1 |a Havrila, Patrik  |u 010310  |k Z4  |4 aut  |U SvF Stavebná fakulta  |T SvF Katedra architektúry  |X 42094  |U V181|V310  |Y 19  |7 42094 
242 0 1 |a Downtown Kerling - Banská Štiavnica  |y eng 
245 1 0 |a Downtown Kerling - Banská Štiavnica 
260 |c 2019 
650 4 |a verejný priestor  |2 slo 
650 4 |a mestský blok  |2 slo 
650 4 |a kultúra  |2 slo 
650 4 |a bývanie  |2 slo 
650 4 |a vstupná brána  |2 slo 
650 4 |a public space  |2 eng 
650 4 |a city block  |2 eng 
650 4 |a culture  |2 eng 
650 4 |a housing  |2 eng 
650 4 |a entrance gate  |2 eng 
700 1 |a Nádaská, Zuzana  |u 010310  |k Z8  |4 ths  |U SvF Stavebná fakulta  |T SvF Katedra architektúry  |X 790  |U V181|V310  |Y 19  |7 A000000790 
856 4 |u http://is.stuba.sk/zp/portal_zp.pl?podrobnosti=145611 
856 4 |u https://opac.crzp.sk/?fn=detailBiblioForm&sid=9F8942B94996237AA3F81DF666DC